Actor / Actress by their Movies - Statistics

General Stats
  • This quiz has been taken 134 times
  • The average score is 7 of 10
Answer Stats
Hint Answer % Correct
Harry Potter and the Philosopher's Stone / The Perks of Being a Wallflower / Beauty and the Beast / Noah Emma Watson
92%
Lara Croft: Tomb Raider / Mr. & Mrs. Smith / Maleficent / Beowulf Angelina Jolie
90%
X-Men / Real Steel / Les Misérables / The Greatest Showman Hugh Jackman
87%
Driving Miss Daisy / Robin Hood: Prince of Thieves / The Shawshank Redemption / The Dark Knight Morgan Freeman
79%
Beverly Hills Cop / The Nutty Professor / Dr. Dolittle / Shrek Eddie Murphy
78%
Hot Shots! / Two and a Half Men / The Three Musketeers / Platoon Charlie Sheen
62%
Mary Poppins / The Sound of Music / The Princess Diaries / Tooth Fairy Julie Andrews
59%
Shanghai Noon / Charlie's Angels / Shazam! Fury of the Gods / Kill Bill: Volume 1 Lucy Liu
51%
Pirates of the Caribbean: The Curse of the Black Pearl / Star Trek / Avatar / Guardians of the Galaxy Zoe Saldaña
50%
Spectre / Guardians of the Galaxy / Glass Onion: A Knives Out Mystery / My Spy Dave Bautista
38%
No matching quizzes found
Score Distribution
Percent of People with Each Score
Percentile by Number Answered
Your Score History
You have not taken this quiz